000 00593nam a2200193 i 4500
001 72357
003 ES-MaACL
005 20260112153652.0
007 t|
008 040831s1954 it ||||1| ita d
245 0 0 _aGiovanni Gentile /
_cscritti di Armando Carlini ... [et al.] ; a cura di Vittorio Vettori.
260 _aFirenze :
_bLa Fenice,
_c[1954]
300 _a249 p. ;
_c23 cm.
600 1 4 _aGentile, Giovanni,
_d1875-1944
_956357
700 1 _aCarlini, Armando.
_935278
700 1 _aVettori, Vittorio.
_9114235
852 _aES-MaACL
_jC-22968
_bR.50234
999 _c72357
_d72357